000
00312nam a2200145Ia 4500
100
_a
Nitesh Bansal
650
_a
mobile communication
942
_c
BK
245
_a
Mobile communication and computing
260
_b
Nandu
_c
2016
082
_a
621.382
_b
NIT
300
_a
228
546
_a
ENGLISH
999
_c
24101
_d
24101